Countries Containing N - Statistics

General Stats
  • This quiz has been taken 464 times
    439 since last reset
  • The average score is 91 of 115
Answer Stats
Country % Correct
New Zealand
96%
Sweden
96%
Afghanistan
92%
Finland
92%
France
92%
India
92%
Nauru
92%
Oman
92%
Pakistan
92%
Switzerland
92%
United Kingdom
92%
Azerbaijan
88%
Benin
88%
Denmark
88%
Guinea
88%
Kazakhstan
88%
Kenya
88%
Kyrgyzstan
88%
Poland
88%
San Marino
88%
Sudan
88%
Antigua and Barbuda
85%
Bahrain
85%
Bhutan
85%
Bosnia and Herzegovina
85%
Equatorial Guinea
85%
Germany
85%
Hungary
85%
Iceland
85%
Indonesia
85%
Ireland
85%
Jordan
85%
Lithuania
85%
Monaco
85%
Namibia
85%
Nepal
85%
Netherlands
85%
Niger
85%
Norway
85%
Panama
85%
Papua New Guinea
85%
Saint Kitts and Nevis
85%
South Sudan
85%
Yemen
85%
Albania
81%
Andorra
81%
Burkina Faso
81%
Canada
81%
China
81%
Dominica
81%
Dominican Republic
81%
Estonia
81%
Federated States of Micronesia
81%
Guinea Bissau
81%
Honduras
81%
Iran
81%
Lebanon
81%
Macedonia
81%
Montenegro
81%
Nigeria
81%
Saint Vincent and the Grenadines
81%
Slovenia
81%
Spain
81%
Tajikistan
81%
Turkmenistan
81%
United Arab Emirates
81%
Armenia
77%
Bangladesh
77%
Cameroon
77%
Democratic Republic of the Congo
77%
Liechtenstein
77%
Mongolia
77%
Nicaragua
77%
North Korea
77%
Republic of the Congo
77%
Rwanda
77%
Saint Lucia
77%
Singapore
77%
Tanzania
77%
Ukraine
77%
Brunei
73%
Burundi
73%
Central African Republic
73%
Gabon
73%
Ghana
73%
Grenada
73%
Guyana
73%
Japan
73%
Marshall Islands
73%
Philippines
73%
Solomon Islands
73%
Sri Lanka
73%
Suriname
73%
Swaziland
73%
Uzbekistan
73%
Vatican City
73%
Angola
69%
Argentina
69%
Romania
69%
Senegal
69%
Thailand
69%
Tonga
69%
Tunisia
69%
Uganda
69%
Venezuela
69%
Vietnam
69%
Botswana
65%
Mauritania
65%
Myanmar
65%
Taiwan
65%
Sao Tome and Principe
62%
Sierra Leone
62%
Trinidad and Tobago
62%
Vanuatu
62%
United States of America
58%
No matching quizzes found
Score Distribution
Percent of People with Each Score
Percentile by Number Answered
Your Score History
You have not taken this quiz since the last reset